| 000 | 00554nam a2200181Ia 4500 | ||
|---|---|---|---|
| 008 | 100921s9999 xx 000 0 und d | ||
| 082 |
_b20420 _a891.463 थ 87 |
||
| 100 | _aवाळिंबे शरदचंद्र. | ||
| 245 | _aकठोर. | ||
| 260 |
_bमनमोहिनी प्रकाशन,पुणे. _c1987 |
||
| 300 |
_a160 _b--- |
||
| 365 | _b40 | ||
| 520 | _aललित-कादंबरी. | ||
| 630 | _aकठोर. | ||
| 650 | _aललित-कादंबरी. | ||
| 730 | _aकठोर. | ||
| 942 | _cBOOK | ||
| 999 |
_c769533 _d769530 |
||